| 000 | 00911nam a2200241Ia 4500 | ||
|---|---|---|---|
| 008 | 130821s2001 sp gr spa | ||
| 020 | _a84 8410 655 1 | ||
| 040 |
_aCo-BoUCM _bspa |
||
| 041 | 0 | 0 | _aspa |
| 100 | 1 |
_aGarcía Mexía, Pablo _9128911 |
|
| 245 | 1 | 4 |
_aLos conflictos de intereses y la corrupción contemporánea _cPablo García Mexía ; prólogo Enrique Alonso García |
| 260 |
_aNavarra (España) _bAranzadi Editorial _c2001 |
||
| 300 | _a287 páginas | ||
| 490 | 0 | _aColección Divulgación Jurídica | |
| 504 | _aIncluye bibliografía. | ||
| 650 |
_aConflicto de intereses (Funcionarios y empleados) _911567 |
||
| 650 |
_aCorrupción política _912030 |
||
| 650 |
_aDerecho administrativo _912695 |
||
| 650 |
_aFuncionarios públicos _97643 |
||
| 700 | 1 |
_aAlonso García, Enrique _epról. _9117812 |
|
| 942 |
_cLIBRO _2DEWEY _a8 _e1 _h342.0684 _mG216c |
||
| 999 |
_c73603 _d73603 |
||